00310nam a2200133Ia 4500008004100000100001100041245003600052250001200088260002200100300000800122650002400130942000700154999001500161190216s9999||||xx |||||||||||||| ||und|| aArrikr 0aEssentials Of Nuclear Chemistry a1st Ed. bWiley Eastern Ltd a334 aChemistry-Chemistry cBK c2464d2464